| 000 | 00687nam a22002297a 4500 | ||
|---|---|---|---|
| 005 | 20140903123700.0 | ||
| 010 | _aENG-110704 | ||
| 020 |
_a9788120350267 _c325.00 |
||
| 035 | _aEN-94236 | ||
| 037 | _bDBAD/PUB | ||
| 082 | _a660 | ||
| 100 | _aKrishnamurthy, N. | ||
| 245 |
_aEngineering chemistry / _cby N. Krishnamurthy, P.Vallinayagam [and] D.Madhavan |
||
| 250 | _a3rd ed | ||
| 260 |
_aDelhi _bPHI Learning _c2014 |
||
| 270 |
_aRimjhim House, 111, Patparganj Industrial Estate _bDelhi _e110092 |
||
| 300 |
_axviii,372p. : _c24cm(pbk) _bill. |
||
| 500 | _aIncludes index | ||
| 700 | _aVallinayagam, P. | ||
| 700 | _aMadhavan, D. | ||
| 942 |
_2ddc _cEN _mKRI _h660 |
||
| 999 |
_c88248 _d88248 |
||